[Event "ESP-chT 1st Division 2020"]
[Site "Padron"]
[Date "2020.10.08"]
[Round "6.4"]
[White "Martinez Martin, David"]
[Black "Bayo Milagro, Alvaro"]
[Result "1/2-1/2"]
[WhiteElo "2389"]
[BlackElo "2254"]
[Annotator "TA"]
[PlyCount "92"]
[EventDate "2020.10.01"]
[EventType "team-tourn"]
[EventCountry "ESP"]
[SourceTitle "playchess.com"]
[Source "ChessBase"]
[SourceQuality "1"]

{[%evp 9,92,0,10,10,15,15,16,23,21,19,33,20,31,-78,-72,-109,-87,-130,-120,-121,-146,-143,-111,-115,-122,-122,-121,-126,-104,-95,-95,-113,-119,-110,-110,-127,-84,-84,-55,-55,-66,-82,-68,-84,-66,-53,-69,-73,18,-64,-49,-83,216,193,186,194,187,187,191,192,193,193,193,193,181,87,89,0,0,-58,-56,-42,0,0,0,-42,0,0,0,0,0,0,0,0,0]} 1. Nf3 d5 2. b3 Nf6 3. Bb2 Bf5 4. g3 e6 5. Bg2 c5 6. d3 {A07: Réti Opening: New York and Capablanca Systems.} h6 7. O-O Nc6 8. Nbd2 Be7 9. e4 Bh7 10. Re1 O-O 11. e5 (11. Ne5 $14 {keeps the upper hand.}) 11... Nd7 $17 12. h4 b5 {[#]} 13. Nf1 $146 ({Predecessor:} 13. Nh2 Rc8 14. a3 Nb6 15. Ng4 c4 16. dxc4 bxc4 17. Nf1 d4 18. Bxc6 Rxc6 19. Bxd4 Bxc2 20. Bxb6 Qxd1 21. Rexd1 Bxd1 22. Rxd1 axb6 23. bxc4 Rxc4 {0-1 (28) Gonzalez Vericat,S (2213)-Parramon Ros,F (2067) Girona 2012}) 13... a5 14. a4 bxa4 $1 15. Rxa4 Nb4 16. Ne3 Nb6 17. Ra1 a4 18. bxa4 Rxa4 19. Rxa4 Nxa4 20. Ba3 Qc7 21. Qd2 Ra8 22. Ra1 Nc6 23. c4 dxc4 (23... Nxe5 $6 24. Nxe5 Qxe5 25. Bb2 $11) 24. Nxc4 Nb6 25. Kh2 {Black should prevent Nxb6.} Rd8 {aiming for ...Nxc4.} 26. Nd6 $1 {[#]} Nxe5 $1 {[%mdl 512]} 27. Nxe5 Bxd6 28. Nc6 Rd7 (28... Rc8 $17 {And now ...Qd7 would win.} 29. d4 Nd5 30. dxc5 Bxg3+ $1 {[%mdl 512]} 31. fxg3 Qxc6) 29. Bb2 (29. Qe3 $11 Bxd3 30. Qxd3) 29... Bf8 30. Be5 Bd6 $2 {[%mdl 8192]} (30... Qc8 $1 $17 {stays on course. Hoping for ...f6.} 31. Na7 Qd8) 31. Ra7 Bxe5 32. Rxc7 Bxc7 33. Qa5 Bxd3 34. Qxc5 Kh7 35. Nb4 $1 {[%cal Rb4d3]} Bf5 36. Bc6 Rd2 {[#]} 37. Be8 (37. Kg2 $1 $18 {has better winning chances. Black must now prevent g4!} Nd7 38. Qc1) 37... Na8 $16 {[#] Strongly threatening ...Bb6.} 38. Bxf7 ({White should play} 38. Qe3 $1 $16 {[%cal Re3d2]} Rb2 39. Qd4) 38... Bb6 $1 $11 {[%cal Rb6c5]} 39. Qf8 (39. Qc4 $11 Rxf2+ 40. Kh1) 39... Rxf2+ $15 40. Kg1 {[%csl Gf7][%cal Rf8g8]} Rf3+ (40... h5 $5 41. Qg8+ (41. Bxh5 $2 Bg4 $19 {[%mdl 64] Discovered Attack}) 41... Kh6 42. Qh8+ Bh7 $17) 41. Kg2 {[%csl Gf7][%cal Rf8g8]} Rf2+ 42. Kg1 {[%csl Gf7][%cal Rf8g8]} Rd2+ (42... h5 $5 {[%cal Rf2d2]} 43. Nd5 (43. Bxh5 $2 Bg4 $19 {[%mdl 64] Discovered Attack}) (43. Qg8+ Kh6 $17) 43... exd5 44. Bg8+ Kh6 45. Qd6+ Bg6 $17) 43. Kf1 {[%csl Gf7][%cal Rf8g8] The position is equal.} Rd1+ 44. Kg2 {[%csl Gf7][%cal Rf8g8]} Rd2+ (44... Rd8 $5 45. Qe7 $8 Rd2+ 46. Kf1 Rd1+ 47. Kg2 Be4+ 48. Kh3 Bf5+ 49. Kg2 Be4+ 50. Kh3 Bf5+ 51. Kg2 $11) 45. Kf1 {[%csl Gf7][%cal Rf8g8]} Rd1+ (45... Rd8 $5 46. Qe7 $8 Bg4 $11) 46. Kg2 {[%csl Gf7][%cal Rf8g8]} Rd2+ {Black escapes into a draw. Accuracy: White = 67%, Black = 78%.} (46... Rd8 $5 47. Qe7 $8 Rd2+ 48. Kf1 Rd1+ 49. Kg2 Bg4 $11) 1/2-1/2

[Event "ESP-chT 1st Division 2020"]
[Site "Padron"]
[Date "2020.10.08"]
[Round "6.5"]
[White "Vela Frago, Alberto"]
[Black "Aguilera Lopez, Alejandro"]
[Result "0-1"]
[WhiteElo "2071"]
[BlackElo "2241"]
[Annotator "TA"]
[PlyCount "114"]
[EventDate "2020.10.01"]
[EventType "team-tourn"]
[EventCountry "ESP"]
[SourceTitle "playchess.com"]
[Source "ChessBase"]
[SourceQuality "1"]

{[%evp 9,114,8,10,-7,16,16,72,47,56,54,69,58,57,68,126,133,121,117,122,105,123,123,124,95,120,94,118,58,84,83,126,70,76,72,96,64,132,124,113,97,122,122,129,66,79,46,62,0,83,75,166,114,180,168,169,136,226,215,253,208,247,236,260,238,260,247,258,239,250,113,85,99,93,83,96,104,65,49,38,0,0,-558,6203,9977,1615,-408,-378,-375,-369,-306,-150,-1132,-1154,-1157,-1100,-1008,-905,-29958,-29959,-29951,-29939,-12842,-12220,-29990,-29983,-29994,-29995]} 1. c4 e5 2. Nc3 Nc6 3. Nf3 Nf6 4. e4 Bb4 5. d3 d6 6. Be2 {A28: English Opening: Four Knights Variation.} h6 {6...Bg4 is a critical line.} 7. O-O {[#]} g5 $146 (7... a5 $11) ({Predecessor:} 7... Bc5 8. a3 a5 9. Nd5 Nd4 10. Be3 Nxf3+ 11. Bxf3 c6 12. Nc3 {½-½ (12) Shabalov,A (2557)-Atalik,S (2600) Pittsburgh 2013}) 8. Ne1 {White is better.} Be6 9. Nc2 Ba5 10. Rb1 Nd7 11. Nd5 Bxd5 (11... Bb6 $14) 12. cxd5 $16 Ne7 13. Ne3 Bb6 14. b3 Ng6 15. g3 Qf6 16. Nf5 O-O-O 17. Be3 Kb8 18. Bxb6 (18. a4 $16) 18... Nxb6 19. Ne3 $1 Rdg8 20. Kh1 (20. a4 $16) 20... Nd7 21. a4 {[%cal Ba2a4,Ba4a5,Ba5a6][%mdl 32]} Qd8 22. a5 Nf6 {[#]} ({Black should play} 22... Ne7 $14) 23. a6 $1 {[%mdl 512]} b6 (23... bxa6 24. Ra1) 24. Qc2 Qc8 25. Rfc1 h5 26. b4 (26. Qc4 $16) 26... Ne7 $14 27. Rb3 Ne8 28. Qc4 (28. Rc3 $14) 28... g4 (28... f5 $1 $11 {keeps the balance.}) 29. d4 $16 Rg5 (29... f5 $16) 30. Rbc3 $18 Rf8 (30... f5 $16 {might work better.}) 31. dxe5 Rxe5 {intending ...f5.} 32. Bd3 $36 {[%mdl 2048] White is on the roll.} f5 (32... h4 $16 {keeps fighting.} 33. Kg1 (33. gxh4 Rh8 $16) 33... hxg3) 33. exf5 $1 Ng8 34. Qa2 Ngf6 35. Nc4 $1 {[%cal Rc4b6] aiming for Nxb6!} Rxd5 {[#]} 36. Nxb6 $1 {[%mdl 512]} axb6 37. a7+ $1 Ka8 38. Ba6 $1 {[%cal Ra6c8]} Ra5 (38... Qd8 39. Ra1 $18) 39. bxa5 (39. Bxc8 $2 {is the wrong capture.} Rxa2 40. Be6 Rxf2 $19) (39. Qxa5 $1 $18 {is the precise move to win. Intending Qa4 and mate.} bxa5 40. Bxc8) 39... Qxa6 $16 {[%mdl 64] [#] Double Attack} 40. Qe6 $1 {[%cal Re6e7]} c5 ({Not} 40... bxa5 $2 41. Rb1 $18) 41. axb6 Qb7+ 42. Kg1 {Re1 is the strong threat.} Ne4 {Threatens to win with ...Ng5.} 43. Re3 N8f6 {Threatening ...Rc8.} 44. Rce1 {[%cal Re3e4]} (44. Rc4 $5 {[%cal Rc4e4]} d5 45. Rxc5 Nxc5 {[#]} 46. Qxf6 $1 $11 {[%mdl 512]}) 44... d5 45. f3 $2 {[%mdl 8192]} (45. Rd1 $11 {and White has nothing to worry.}) 45... Re8 $4 {[%mdl 8192] [#]} (45... gxf3 $19 46. Rf1 d4) 46. Qxf6 $1 $18 {[%mdl 512]} gxf3 (46... Nxf6 47. Rxe8+) 47. Qg6 $4 {[%mdl 8192]} (47. Rxe4 $18 {is the narrow road to win.} dxe4 48. Qd6) 47... f2+ $19 {[%mdl 64] Double Attack} 48. Kg2 fxe1=N+ 49. Rxe1 Rd8 {White must now prevent ...d4.} 50. Rf1 $2 {Now White is beyond hope.} (50. Qe6 $17) 50... d4 51. Kh3 d3 52. f6 d2 53. Qxh5 d1=Q {[%mdl 64] Deflection, Decoy} 54. Rxd1 Nf2+ {[%mdl 64] Double Attack} 55. Kh4 Nxd1 56. f7 Nf2 57. Qg5 Rh8+ {Accuracy: White = 63%, Black = 67%.} 0-1

[Event "ESP-chT 1st Division 2020"]
[Site "Padron"]
[Date "2020.10.08"]
[Round "6.6"]
[White "Rodrigo Yanguas, Maria"]
[Black "Gracia Laguens, Asuncion"]
[Result "1-0"]
[WhiteElo "2077"]
[BlackElo "1414"]
[Annotator "TA"]
[PlyCount "57"]
[EventDate "2020.10.01"]
[EventType "team-tourn"]
[EventCountry "ESP"]
[SourceTitle "playchess.com"]
[Source "ChessBase"]
[SourceQuality "1"]

{[%evp 15,57,15,22,0,8,14,29,32,36,31,50,40,40,41,37,-41,-9,-42,198,195,189,188,183,198,280,264,275,247,322,256,250,244,362,365,615,608,607,603,833,718,2344,2222,1735,1568]} 1. d4 e6 2. Nf3 Nf6 3. Bf4 Be7 4. e3 b6 5. h3 Bb7 6. Bd3 d6 7. Nbd2 O-O 8. O-O Nbd7 9. Bh2 {A47: 1 d4 Nf6 2 Nf3 b6: Torre, London and Colle Systems.} c5 10. c3 cxd4 11. exd4 {White has an edge.} h6 12. Qe2 {[#]} a5 $146 ({Predecessor:} 12... Re8 13. a4 a6 14. Rfe1 Bf8 15. Nc4 Qc7 16. Ne3 Nd5 17. Qd2 N7f6 18. Ng4 Nxg4 19. hxg4 {1-0 (65) Mendonca,L (2472)-Altman,J (1926) chess.com INT 2020}) 13. a4 Re8 14. Rfb1 Qc7 15. c4 (15. Nc4 $14) 15... Bc6 16. b4 Reb8 $2 {[#] This costs Black the game.} (16... axb4 $15 17. Rxb4 Qb7) 17. d5 $1 $18 {[%mdl 512]} Bxd5 (17... exd5 18. Qxe7) 18. cxd5 Nxd5 19. Rc1 Qd8 (19... Nc3 $142 20. Qe4 Nf6) 20. bxa5 bxa5 21. Nd4 {Black must now prevent Nxe6!} Rb2 22. Rab1 Rxb1 23. Bxb1 $40 {[%mdl 128] Hoping for Nxe6! White goes for the king.} Bg5 {[#]} (23... Rc8 $142 24. Nc6 Qb6) 24. Nxe6 $1 {[%mdl 512]} Qf6 $2 (24... Qe7 25. f4 Bh4) (24... fxe6 25. Qxe6+) 25. Nxg5 {White is clearly winning.} Qxg5 26. Bxd6 N7b6 27. Re1 {Threatening mate with Qe8+!} Nf6 28. Ne4 Nxe4 29. Qxe4 {Accuracy: White = 82%, Black = 35%.} 1-0

[Event "ESP-chT 1st Division 2020"]
[Site "Padron"]
[Date "2020.10.08"]
[Round "6.7"]
[White "Del Rio De Angelis, Salvador G."]
[Black "Ladron De Guevara Pinto, Paolo"]
[Result "1/2-1/2"]
[WhiteElo "2508"]
[BlackElo "2433"]
[Annotator "TA"]
[PlyCount "59"]
[EventDate "2020.10.01"]
[EventType "team-tourn"]
[EventCountry "ESP"]
[SourceTitle "playchess.com"]
[Source "ChessBase"]
[SourceQuality "1"]

{[%evp 9,59,27,35,25,39,13,16,12,21,17,17,17,14,20,24,0,0,0,35,31,35,34,44,44,45,46,50,50,56,39,70,31,31,21,22,22,45,45,45,45,46,46,47,47,47,47,54,0,54,0,29,0]} 1. d4 e6 2. c4 Bb4+ 3. Nc3 c5 4. e3 Nc6 5. Nf3 d6 6. Bd2 {A40: Unusual replies to 1 d4.} Nf6 7. Be2 Bxc3 8. Bxc3 {The position is equal.} Ne4 9. Qc2 Nxc3 10. Qxc3 {Threatening dxc5.} O-O 11. O-O {[#]} Qe7 $146 ({Predecessor:} 11... Qc7 12. a3 b6 13. b4 Bb7 14. bxc5 dxc5 15. Rab1 Rfd8 16. dxc5 bxc5 17. Rfd1 Rxd1+ 18. Rxd1 {½-½ (51) Diehle,J-Meier,M Schoeneck 1996}) 12. dxc5 dxc5 13. Ne5 Bd7 14. Bf3 Nxe5 15. Qxe5 Bc6 16. Bxc6 bxc6 17. Rfd1 Rfd8 18. g3 h6 19. h4 Rab8 20. Kf1 f6 21. Qc3 e5 22. Qc2 e4 23. Rxd8+ Rxd8 24. Rd1 Rxd1+ 25. Qxd1 $14 {KQ-KQ} f5 26. b3 Kh7 27. Kg2 Kg8 28. Kf1 Kh7 $1 29. Kg2 Kg8 $1 30. Kf1 {Accuracy: White = 80%, Black = 89%.} 1/2-1/2

[Event "ESP-chT 1st Division 2020"]
[Site "Padron"]
[Date "2020.10.08"]
[Round "6.8"]
[White "Alshameary Puente, Ismael"]
[Black "Demuth, Adrien"]
[Result "1/2-1/2"]
[WhiteElo "2373"]
[BlackElo "2488"]
[Annotator "TA"]
[PlyCount "60"]
[EventDate "2020.10.01"]
[EventType "team-tourn"]
[EventCountry "ESP"]
[SourceTitle "playchess.com"]
[Source "ChessBase"]
[SourceQuality "1"]

{[%evp 28,60,37,0,4,8,8,20,13,17,27,0,101,0,39,0,0,0,0,0,0,0,0,0,0,0,0,0,0,0,0,0,0,0,0]} 1. d4 d5 2. c4 c6 3. Nf3 Nf6 4. Nc3 e6 5. Bg5 dxc4 6. e4 b5 7. e5 h6 8. Bh4 g5 9. Nxg5 hxg5 10. Bxg5 Be7 11. exf6 Bxf6 12. Bxf6 Qxf6 13. g3 Bb7 14. Bg2 Na6 15. a4 O-O-O $1 {D44: Semi-Slav: Botvinnik System.} 16. axb5 cxb5 17. Bxb7+ Kxb7 18. Nxb5 e5 {Black wants to play ...Qc6. 18...e5 was played by the boomers.} 19. Qa4 {0-0 is the strong threat.} Qc6 {[#]} (19... exd4 $11 20. O-O Qc6) 20. O-O (20. d5 $1 $16 {[%cal Rd5c6]} Rxd5 21. Nc3 Qxa4 22. Rxa4) 20... Rxh2 {[%csl Gc6][%cal Rh2h1] [#]} (20... exd4 $5 {[%cal Rh8h5]} 21. Rfe1 Rxh2 22. Nd6+ (22. Re7+ {is a self mate.} Kb8 23. f3 Qxf3 24. Rb7+ Qxb7 25. Kxh2 Rh8+ 26. Kg1 Qh1+ 27. Kf2 Rh2#) 22... Rxd6 23. Qxc6+ Rxc6 24. Kxh2 Kb6 $11) 21. d5 $146 (21. Nd6+ $5 Rxd6 22. Qxc6+ Rxc6 23. Kxh2 exd4 24. Ra4 $16) ({Predecessor:} 21. Nd6+ Rxd6 22. Qxc6+ Rxc6 23. Kxh2 exd4 24. Ra4 Kb6 25. Rfa1 Nc7 26. b3 c3 27. Rxd4 {½-½ (35) Salzmann,S (2231)-Zanolin,H (2132) ICCF email 2012}) 21... Qh6 {( -> ...Rh1+). The position is equal.} 22. Qxa6+ Qxa6 23. Rxa6 Kxa6 $11 {[%mdl 4096] Endgame KRR-KRN} 24. Nc7+ Kb7 {[#] White must now prevent ...Rdh8.} 25. Kxh2 {Hoping for Nb5.} Kxc7 {KR-KR} 26. Rc1 Rxd5 27. Rxc4+ Kd6 28. Ra4 a5 29. b4 axb4 30. Rxb4 Ke6 {Accuracy: White = 70%, Black = 83%.} 1/2-1/2

[Event "ESP-chT 1st Division 2020"]
[Site "Padron"]
[Date "2020.10.08"]
[Round "6.9"]
[White "Narciso Dublan, Marc"]
[Black "Garrido Outon, Alex"]
[Result "1-0"]
[WhiteElo "2477"]
[BlackElo "2366"]
[Annotator "TA"]
[PlyCount "83"]
[EventDate "2020.10.01"]
[EventType "team-tourn"]
[EventCountry "ESP"]
[SourceTitle "playchess.com"]
[Source "ChessBase"]
[SourceQuality "1"]

{[%evp 26,83,18,12,12,13,23,10,16,18,22,-33,0,-43,37,37,81,71,76,83,76,75,181,185,181,183,189,190,187,188,193,206,296,258,258,258,475,458,419,413,771,709,714,704,838,761,1585,1558,1463,896,1168,918,832,680,1565,1522,2523,1062,1001,980]} 1. d4 Nf6 2. c4 g6 3. Nc3 Bg7 4. e4 d6 5. Be2 O-O 6. Nf3 e5 7. d5 a5 8. Bg5 h6 9. Bh4 Na6 10. Nd2 Qe8 11. O-O Nh7 12. a3 Bd7 13. Kh1 {is the legacy move (13.b3).} h5 14. f3 Bf6 {E92: King's Indian: Classical: 6 Be2 e5: 7 dxe5, 7 Be3 and Petrosian System without 7...Nbd7.} 15. Bf2 Bg5 16. b3 Qe7 {The position is equal.} 17. Qc2 h4 {[#]} 18. Rae1 $146 ({Better is} 18. Rab1 $11) ({Predecessor:} 18. Rab1 Nf6 19. b4 axb4 20. axb4 Nh5 21. c5 Bf4 22. Rfd1 Bg3 23. Be3 Bf4 24. Bf2 Bg3 25. Be3 Bf4 {½-½ (25) St Pierre,B (2280)-Bobel,P (2287) ICCF email 2014}) 18... Kg7 19. Bd1 Rae8 (19... Nf6 $15) 20. Ne2 $14 {[%cal Bc3e2,Be2f4,Bf4d3,Bd3e5][%mdl 32]} Nf6 {[#]} 21. f4 $1 {[%cal Rf4g5][%mdl 512] White now steadily converts the win.} exf4 22. Bd4 Kg8 23. Nxf4 Ng4 {[#]} (23... Nc5 $16 {keeps fighting.}) 24. Bxg4 $1 $18 Bxg4 25. h3 $36 {[%mdl 2048] White is really pushing.} Bd7 26. Nd3 b6 27. b4 axb4 28. axb4 Qd8 (28... Nb8 $142 29. Bb2 f6) 29. Qc3 f5 30. e5 dxe5 $2 (30... Bh6 {was necessary.} 31. e6 Bc8) 31. Nxe5 Kh7 32. Ndf3 Be7 (32... Bf4 $142 33. Nxd7 Qxd7) 33. Nxd7 {White is clearly winning.} Qxd7 34. Re6 c5 35. Ne5 Qc7 36. Nxg6 {White wants to mate with Qf3.} cxd4 37. Qxd4 Bg5 38. Nxf8+ Rxf8 39. Qxb6 Qg3 40. Qxa6 Rf7 41. Rf3 Qb8 42. Qb6 {Accuracy: White = 78%, Black = 36%.} 1-0

[Event "ESP-chT 1st Division 2020"]
[Site "Padron"]
[Date "2020.10.08"]
[Round "6.10"]
[White "Herrera Delgado, Alejandro"]
[Black "Suarez Garcia, Carlos"]
[Result "0-1"]
[WhiteElo "2280"]
[BlackElo "2439"]
[Annotator "TA"]
[PlyCount "69"]
[EventDate "2020.10.01"]
[EventType "team-tourn"]
[EventCountry "ESP"]
[SourceTitle "playchess.com"]
[Source "ChessBase"]
[SourceQuality "1"]

{[%evp 16,69,27,30,47,0,0,-10,-8,-8,-8,-6,-6,0,0,-9,-8,0,0,0,21,-27,0,0,-8,-24,13,-19,-31,-22,49,-31,-31,-31,-31,-29,-37,-59,-54,-123,-139,-887,-887,-887,-871,-820,-809,-764,-756,-723,-356,-909,-767,-29998,0,-516]} 1. e4 c5 2. Nf3 e6 3. d4 cxd4 4. Nxd4 Nc6 5. Nc3 Qc7 6. Be3 a6 7. Qd2 Nf6 8. O-O-O Bb4 {8...Be7 deserves study.} 9. f3 O-O {B48: Sicilian: Taimanov: 5 Nc3 Qc7 6 Be3 a6 without Be2.} 10. Kb1 d5 11. Nxc6 bxc6 12. e5 Bxc3 $1 ({Wrong is} 12... Qxe5 $2 13. Bf4 $16) 13. Qxc3 Nd7 14. f4 c5 {[#]} 15. h4 $146 ({Predecessor:} 15. f5 Bb7 16. Bf4 f6 17. fxe6 Nxe5 18. Re1 Rae8 19. Bxe5 fxe5 20. Qxe5 Qxe5 21. Rxe5 {1-0 (56) Petrosian,D (2490)-Nisipeanu,L (2672) Sarajevo 2010}) 15... Bb7 16. h5 Rac8 17. Bc1 a5 18. Bb5 Bc6 (18... d4 $5 {[%cal Rd4c3]} 19. Qg3 Bc6 $11) 19. Bxc6 Qxc6 20. g4 Qc7 21. Qh3 c4 22. g5 c3 (22... Nc5 $11) 23. g6 (23. b3 $1 $14) 23... cxb2 $15 24. Bxb2 {[#] aiming for h6.} Nc5 25. gxh7+ Kxh7 26. Rdg1 Ne4 $40 {[%mdl 128] Black is up to no good.} 27. Rh2 ({White should play} 27. Ka1 $15 Rg8 28. Rg2) 27... Rb8 28. Qg4 $2 {[%mdl 8192] [#]} (28. Qe3 $17) 28... Rxb2+ $1 $19 {[%mdl 512]} 29. Ka1 (29. Kxb2 Qc3+) 29... Rxa2+ 30. Kxa2 Qc4+ 31. Kb1 Rg8 32. Rhg2 Kh6 (32... Qb4+ $142 33. Kc1 Kh8) 33. Kc1 $2 (33. Rg3 Qb4+ 34. Ka2 (34. Rb3 $2 Nd2+ {[%mdl 64] Double Attack, Pin} 35. Kb2 Nxb3 $19)) 33... Qd4 {[%cal Rd4a1]} 34. Kb1 Qc4 $2 (34... Rb8+ {mates} 35. Kc1 Qa1#) 35. f5 $2 {[%mdl 8192] Accuracy: White = 51%, Black = 80%.} (35. Kc1 $1 $11) 0-1

[Event "ESP-chT 1st Division 2020"]
[Site "Padron"]
[Date "2020.10.08"]
[Round "6.11"]
[White "Travadon, Loic"]
[Black "Garcia Jimenez, Santiago"]
[Result "1-0"]
[WhiteElo "2424"]
[BlackElo "2203"]
[Annotator "TA"]
[PlyCount "125"]
[EventDate "2020.10.01"]
[EventType "team-tourn"]
[EventCountry "ESP"]
[SourceTitle "playchess.com"]
[Source "ChessBase"]
[SourceQuality "1"]

{[%evp 9,125,0,0,-2,0,0,14,-11,-9,-22,-27,-31,-21,-14,-14,-12,-18,-19,-20,-43,18,-68,-64,-67,-39,-50,-45,-61,-55,-89,-72,-118,0,12,0,18,52,65,129,12,30,36,27,60,90,87,359,360,522,488,514,513,489,475,625,574,566,515,760,695,656,664,972,996,888,816,740,489,2315,1319,1308,1238,6500,10060,29988,29989,29988,6007,5018,5587,5597,5325,5326,3189,5501,5420,1977,1606,29967,11212,6223,4506,29980,29979,29979,29974,29983,29985,29985,29986,29987,29988,29989,29987,29987,29988,29988,29989,29990,29990,29990,29989,29989,29989,29991,29989,29986,29987]} 1. d4 Nf6 2. c4 e6 3. Nc3 Bb4 4. Nf3 Ne4 5. Bd2 Bxc3 6. Bxc3 {E21: Nimzo-Indian: 4 Nf3.} Nxc3 7. bxc3 d6 8. e4 {[#] The position is equal.} Nc6 $146 ({Predecessor:} 8... Qe7 9. Bd3 e5 10. Qa4+ Nd7 11. c5 O-O 12. cxd6 cxd6 13. O-O Nb6 14. Qb4 Bg4 15. Nxe5 {1-0 (46) Ulko,J (2476)-Rozanov,P (2281) Moscow 2011}) 9. Bd3 e5 10. d5 Ne7 11. c5 O-O 12. cxd6 cxd6 13. c4 Ng6 14. g3 f5 (14... Bh3 $15) 15. Nd2 (15. exf5 $1 $11 Bxf5 16. Bxf5 Rxf5 17. Nd2) 15... f4 $15 16. Rb1 Qg5 17. h4 Qf6 18. Qe2 h5 19. Qf1 Qd8 {Strongly threatening ...fxg3.} 20. Qg2 Qa5 (20... Bg4 $1 $17 {aiming for ...Qa5.} 21. f3 Bc8) 21. Be2 $1 $11 fxg3 22. fxg3 Qc3 23. Bxh5 Rf6 (23... Nh8 $14) 24. Be2 (24. Rb3 $1 $16 {[%cal Rb3c3]} Qc1+ 25. Ke2) 24... Bd7 {Black wants to play ...Raf8.} 25. h5 Ne7 {White must now prevent ...Raf8.} 26. g4 {Rh3 is the strong threat.} Raf8 27. Rh3 Qd4 $2 {[%mdl 8192] [#] This costs Black the game.} (27... Qc2 $16) 28. Rd3 $1 $18 {[%cal Rd3d4]} Rf2 (28... Qc5 {was necessary.} 29. Rxb7 Rd8) 29. Qg3 Qc5 30. Rxb7 Qc8 31. Rxa7 R8f4 32. g5 Rxe2+ 33. Kxe2 Rg4 34. Qf2 Rf4 35. Qg1 Bg4+ 36. Ke1 Qf8 37. c5 Nc8 38. Rc7 {And now h6! would win.} Bxh5 (38... Qd8 $142) 39. Rh3 g6 40. Rb3 Qd8 41. Rbb7 Bg4 42. Rg7+ Kf8 43. Qxg4 (43. Qh1 $142 Bh5 {[#]} 44. Rxg6 $1 {[%mdl 512]} Qe7 45. Qxh5 Qxb7 46. Qh8+ Ke7 47. c6 Qxc6 48. dxc6) 43... Rxg4 44. Rbf7+ Ke8 45. Rg8+ {[%mdl 64] Skewer} Kxf7 46. Rxd8 Rxg5 47. Rxc8 dxc5 48. Rxc5 {[%mdl 4096] Endgame KRN-KR} Rg3 49. Rc7+ Kf6 50. Rc6+ Kf7 51. Nc4 {White mates.} Kg7 52. Kf2 Rh3 53. Nxe5 Rh2+ 54. Kf3 Rxa2 55. Rxg6+ Kh7 56. Re6 Ra3+ 57. Kf4 Ra1 58. Re7+ Kg8 59. d6 Rf1+ 60. Ke3 Re1+ 61. Kd4 Kf8 62. Re6 Rd1+ 63. Nd3 {Accuracy: White = 69%, Black = 43%.} 1-0

[Event "ESP-chT 1st Division 2020"]
[Site "Padron"]
[Date "2020.10.08"]
[Round "6.12"]
[White "Perera Borrego, Maria Adela"]
[Black "Ambartsumova, Karina"]
[Result "0-1"]
[WhiteElo "2221"]
[BlackElo "2371"]
[Annotator "TA"]
[PlyCount "106"]
[EventDate "2020.10.01"]
[EventType "team-tourn"]
[EventCountry "ESP"]
[SourceTitle "playchess.com"]
[Source "ChessBase"]
[SourceQuality "1"]

{[%evp 21,106,20,20,27,28,14,21,20,7,-13,2,8,3,7,10,0,20,0,31,40,39,27,116,110,105,97,126,137,151,66,71,15,21,0,-16,-4,0,-14,-5,-60,-66,-60,-60,-103,-93,-88,-97,-80,-105,-111,-112,-112,-108,-114,-108,-105,-102,-117,-88,-132,-136,-165,-116,-115,-100,-211,-102,-104,-97,-92,-58,-66,-55,-55,-58,-95,-93,-97,-94,-6444,-5622,-2128,-847,-12838,-12834,-12849,-12849]} 1. d4 Nf6 2. c4 e6 3. Nc3 d5 4. cxd5 exd5 5. Bg5 c6 6. Qc2 Be7 7. e3 Nbd7 8. Bd3 h6 9. Bh4 Nh5 10. Bxe7 Qxe7 11. Nge2 Nb6 12. h3 {D36: Queen's Gambit Declined: Exchange Variation: Main line (5 Bg5 c6 6 Qc2).} Bd7 13. O-O-O O-O-O 14. Kb1 {The position is equal.} Kb8 15. Rc1 Rhe8 {[#]} 16. g4 $146 ({Predecessor:} 16. a4 Qb4 17. Ka1 Nf6 18. b3 Nc8 19. Na2 Qe7 20. Rhe1 Nd6 21. Ng3 h5 22. f3 {0-1 (53) Balla,T (2376)-Marin,M (2560) Mamaia 2013}) 16... Nf6 17. Ng3 g6 18. Qb3 Rc8 19. Rhd1 c5 20. dxc5 Rxc5 21. Qb4 Ne4 (21... Rc6 $11 {keeps the balance.} 22. Qxe7 Rxe7) 22. Ngxe4 dxe4 23. Qxe4 ({Much weaker is} 23. Bxe4 $6 Rxc3 24. Qxc3 Qxe4+ 25. Ka1 Rc8 $11) 23... Be6 24. Qf4+ Ka8 25. Bb5 (25. Qxh6 $16 Rec8 26. Qf4) 25... Rec8 $14 26. Qd4 ({But not} 26. Qxh6 Nd5 $17) ({White should play} 26. e4 $16) 26... Qh4 $11 27. f3 Qxh3 28. Be2 Qh2 {[#] Hoping for ...Rxc3!} 29. Rd2 h5 30. Rcd1 (30. Rdc2 $11) 30... hxg4 31. fxg4 Qc7 $36 {[%mdl 2048] Black is pushing.} 32. Qf4 Nc4 33. Bxc4 Qxf4 34. exf4 {Bxe6 is the strong threat.} Rxc4 35. Rd4 Rxd4 36. Rxd4 Bxg4 $17 {[%mdl 4096] Endgame KRB-KRN} 37. Kc2 Kb8 38. Kd2 Rh8 39. Ke3 Rh2 40. Rb4 Be6 41. Kd4 Rh4 42. Ke5 {[#]} g5 $1 {[%mdl 512]} 43. Ne2 (43. Re4 $17) (43. fxg5 Rxb4) 43... gxf4 (43... Bxa2 $19 {has better winning chances.} 44. Rd4 gxf4 45. Nxf4 Rh2) 44. a3 a5 45. Rxf4 Rxf4 (45... Rh2 {feels hotter.} 46. Re4 f5 47. Re3 Bc4 48. Nd4 Rxb2 49. Nxf5 Rd2) 46. Nxf4 {KB-KN} Bb3 47. Kd6 Ka7 48. Nd3 Kb6 49. Nc5 a4 50. Nd7+ $2 {[%mdl 8192] White does not recover from this.} (50. Ne4 $17) 50... Kb5 $19 {Black is clearly winning.} 51. Nf6 Kc4 (51... Be6 $142 52. Kc7 Kc4) 52. Kc7 Kd3 53. Kxb7 Kc2 {Accuracy: White = 63%, Black = 69%.} 0-1